[Event "24. Torneo San Viator"]
[Site "Madrid ESP"]
[Date "2015.05.17"]
[Round "7.40"]
[White "Mosteiro Montoro, Alvaro"]
[Black "Del Noval Nemeshazi, Mario"]
[Result "1/2-1/2"]
[WhiteElo "1591"]
[BlackElo "1275"]
[PlyCount "84"]
[EventDate "2015.03.22"]
[EventType "swiss"]
[EventRounds "9"]
[EventCountry "ESP"]
[Source "lmi"]
[SourceDate "2015.03.22"]

1. d4 Nf6 2. c4 g6 3. Nc3 Bg7 4. e4 d6 5. Nf3 Nbd7 6. h3 O-O 7. Bd3 Re8 8. b4
c5 9. bxc5 dxc5 10. d5 Nxe4 11. Nxe4 Bxa1 12. Bh6 Bg7 13. Qd2 Nf6 14. O-O e6
15. Nxc5 exd5 16. Bg5 dxc4 17. Bxc4 Qxd2 18. Nxd2 Be6 19. Bxe6 fxe6 20. Nxb7
Rab8 21. Nd6 Red8 22. N2c4 Rb4 23. a3 Ra4 24. Rb1 Kf8 25. Nb7 Rb8 26. Ncd6 Rxa3
27. Be3 Ra6 28. Bc5 Nd7 29. Ne4+ Kg8 30. Bd6 Rxd6 31. Nexd6 Nc5 32. Rb5 Nxb7
33. Rxb7 Rxb7 34. Nxb7 Kf7 35. Kf1 Ke7 36. Ke2 Bd4 37. f3 Bb6 38. Kd3 Kd7 39.
Kc4 Kc7 40. Nc5 Bxc5 41. Kxc5 a6 42. g3 e5 1/2-1/2

[Event "24. Torneo San Viator"]
[Site "Madrid ESP"]
[Date "2015.05.17"]
[Round "7.41"]
[White "Benitez Robles, Antonio"]
[Black "Torrecillas Adan, Luis"]
[Result "0-1"]
[WhiteElo "1453"]
[BlackElo "1245"]
[PlyCount "38"]
[EventDate "2015.03.22"]
[EventType "swiss"]
[EventRounds "9"]
[EventCountry "ESP"]
[Source "lmi"]
[SourceDate "2015.03.22"]

1. e4 e5 2. Nf3 Nc6 3. Bc4 h6 4. O-O Nf6 5. Re1 d6 6. c3 Bg4 7. a4 Qd7 8. d3
Na5 9. Nbd2 Nxc4 10. Nxc4 Be7 11. d4 exd4 12. cxd4 Nxe4 13. Qb3 O-O-O 14. a5
Ng5 15. Nxg5 hxg5 16. Qg3 f6 17. f4 d5 18. Qc3 Rde8 19. Na3 Bb4 0-1

[Event "24. Torneo San Viator"]
[Site "Madrid ESP"]
[Date "2015.05.17"]
[Round "7.43"]
[White "Insua Rodriguez, Antonio"]
[Black "Olias Ruiz, Enrique"]
[Result "1/2-1/2"]
[WhiteElo "1415"]
[BlackElo "1207"]
[PlyCount "37"]
[EventDate "2015.03.22"]
[EventType "swiss"]
[EventRounds "9"]
[EventCountry "ESP"]
[Source "lmi"]
[SourceDate "2015.03.22"]

1. Nc3 e6 2. d4 Nf6 3. e4 d5 4. e5 Nfd7 5. Be3 a6 6. a3 Nc6 7. Bd3 b5 8. b4 g6
9. Nf3 Be7 10. Qd2 h6 11. Bxh6 Nb6 12. Bg5 Nc4 13. Bxc4 bxc4 14. Bxe7 Nxe7 15.
Na4 c6 16. Nc5 Nf5 17. h3 Nh4 18. Nxh4 Qxh4 19. O-O-O 1/2-1/2

[Event "24. Torneo San Viator"]
[Site "Madrid ESP"]
[Date "2015.05.24"]
[Round "8.1"]
[White "Elissalt Cardenas, Hector"]
[Black "Iturbide Arnedo, Oscar"]
[Result "1-0"]
[WhiteElo "2337"]
[BlackElo "2113"]
[PlyCount "99"]
[EventDate "2015.03.22"]
[EventType "swiss"]
[EventRounds "9"]
[EventCountry "ESP"]
[Source "lmi"]
[SourceDate "2015.03.22"]

1. Nf3 b6 2. g3 Bb7 3. Bg2 f5 4. c4 Nf6 5. O-O e6 6. d3 Be7 7. b3 O-O 8. Bb2
Qe8 9. Nbd2 Qh5 10. e3 c5 11. Ne5 Bxg2 12. Qxh5 Nxh5 13. Kxg2 Bf6 14. d4 d6 15.
Nd3 Nc6 16. Nf3 Rfd8 17. Rad1 h6 18. h3 g6 19. g4 Ng7 20. gxf5 Nxf5 21. Nf4 Kf7
22. Nxe6 Kxe6 23. d5+ Kf7 24. Bxf6 Kxf6 25. dxc6 Rac8 26. e4 Ng7 27. Rxd6+ Rxd6
28. e5+ Ke6 29. exd6 Rxc6 30. Re1+ Kxd6 31. Ne5 Rc7 32. Nxg6 Ne6 33. Kf1 Rg7
34. Nh4 Rf7 35. Re3 Rf4 36. Nf3 Ng7 37. Rd3+ Ke6 38. Kg2 Nf5 39. Rd8 Nd4 40.
Nxd4+ Rxd4 41. Rxd4 cxd4 42. b4 h5 43. f4 Kf5 44. Kf3 d3 45. c5 bxc5 46. bxc5
Ke6 47. Ke3 Kd5 48. Kxd3 Kxc5 49. Ke4 Kd6 50. Kf5 1-0

[Event "24. Torneo San Viator"]
[Site "Madrid ESP"]
[Date "2015.05.24"]
[Round "8.2"]
[White "Cabanas Bravo, Juan Andres"]
[Black "Tome Vazquez, Oscar"]
[Result "1-0"]
[WhiteElo "2054"]
[BlackElo "1987"]
[PlyCount "105"]
[EventDate "2015.03.22"]
[EventType "swiss"]
[EventRounds "9"]
[EventCountry "ESP"]
[Source "lmi"]
[SourceDate "2015.03.22"]

1. e4 c5 2. Nf3 e6 3. d4 cxd4 4. Nxd4 a6 5. Nc3 Qc7 6. Be3 Nf6 7. f3 Bb4 8.
Nde2 d5 9. a3 Bxc3+ 10. Nxc3 dxe4 11. fxe4 b5 12. Qf3 Bb7 13. Bd3 Nbd7 14. O-O
O-O 15. Kh1 Nc5 16. Bf4 Qc6 17. Bh6 Ne8 18. Qg3 e5 19. Bg5 f6 20. Bd2 Qd7 21.
Qe3 Nxd3 22. cxd3 Nc7 23. Na2 Ne6 24. Ba5 Nd4 25. Rac1 Rfc8 26. Rc3 Qf7 27. Nc1
Nc2 28. Qf2 Nd4 29. Bb6 Ne6 30. Ne2 Qd7 31. Rfc1 Rxc3 32. Rxc3 a5 33. Qe3 b4
34. Rc1 Ba6 35. Rd1 Qb5 36. Ba7 Rd8 37. Nc1 bxa3 38. bxa3 Nf4 39. d4 Qb2 40.
Qd2 Qb7 41. Qxa5 Ra8 42. dxe5 Qxa7 43. Rd8+ Rxd8 44. Qxd8+ Kf7 45. exf6 gxf6
46. Qh8 Qf2 47. Qxh7+ Ke8 48. Qg8+ Ke7 49. Qg7+ Ke6 50. Qg4+ Ke5 51. Qf5+ Kd6
52. Qxf6+ Ne6 53. Qxf2 1-0

[Event "24. Torneo San Viator"]
[Site "Madrid ESP"]
[Date "2015.05.24"]
[Round "8.3"]
[White "Andalon Gomez, Carlos J"]
[Black "Cervino Rossel, Cristobal"]
[Result "0-1"]
[WhiteElo "2022"]
[BlackElo "2102"]
[PlyCount "52"]
[EventDate "2015.03.22"]
[EventType "swiss"]
[EventRounds "9"]
[EventCountry "ESP"]
[Source "lmi"]
[SourceDate "2015.03.22"]

1. d4 Nf6 2. c4 e6 3. Nc3 Bb4 4. e3 O-O 5. a3 Bxc3+ 6. bxc3 c5 7. Bd3 Nc6 8.
Ne2 d6 9. O-O e5 10. f4 e4 11. Bb1 Bg4 12. Qe1 Bxe2 13. Qxe2 Re8 14. Bd2 Na5
15. Be1 Nb3 16. Bh4 Nxa1 17. Ba2 Qa5 18. Bxf6 gxf6 19. Rxa1 Qxc3 20. Rd1 Kh8
21. a4 Rg8 22. Bb1 f5 23. Qf2 Rg6 24. h3 Rag8 25. g4 Rh6 26. g5 Rxh3 0-1

[Event "24. Torneo San Viator"]
[Site "Madrid ESP"]
[Date "2015.05.24"]
[Round "8.4"]
[White "Gueler Berdasco, Martin"]
[Black "Unciti Juan, Javier"]
[Result "1-0"]
[WhiteElo "1917"]
[BlackElo "2096"]
[PlyCount "71"]
[EventDate "2015.03.22"]
[EventType "swiss"]
[EventRounds "9"]
[EventCountry "ESP"]
[Source "lmi"]
[SourceDate "2015.03.22"]

1. b4 e5 2. Bb2 f6 3. e4 Nh6 4. Bc4 c6 5. Nc3 Bxb4 6. Qh5+ Kf8 7. f4 d6 8. Nf3
Qe8 9. Qh4 b5 10. Bb3 Be6 11. fxe5 dxe5 12. O-O Bxb3 13. axb3 Bc5+ 14. Kh1 Nd7
15. g4 Qg6 16. g5 Nf7 17. gxf6 gxf6 18. Ne2 Rg8 19. Ng3 Qg4 20. Qxg4 Rxg4 21.
d4 Bd6 22. dxe5 fxe5 23. Ra6 Kg8 24. Rxc6 a5 25. Nf5 Bf8 26. Rc7 Rd8 27. Rd1
Nf6 28. Rxd8 Nxd8 29. Nxe5 Rxe4 30. Nf3 Nd5 31. Rd7 Ne3 32. Ng5 Rf4 33. Nxe3
Nc6 34. Rc7 Nb4 35. Nxh7 Bd6 36. Rg7+ 1-0

[Event "24. Torneo San Viator"]
[Site "Madrid ESP"]
[Date "2015.05.24"]
[Round "8.5"]
[White "Navarro Moreno, Juan Carlos"]
[Black "Gonzalez Berrendero, Carlos"]
[Result "0-1"]
[WhiteElo "1970"]
[BlackElo "1779"]
[PlyCount "144"]
[EventDate "2015.03.22"]
[EventType "swiss"]
[EventRounds "9"]
[EventCountry "ESP"]
[Source "lmi"]
[SourceDate "2015.03.22"]

1. Nf3 Nf6 2. d4 g6 3. c4 Bg7 4. Nc3 O-O 5. e4 d6 6. Be2 e5 7. dxe5 dxe5 8.
Qxd8 Rxd8 9. Bg5 Re8 10. Nd5 Nxd5 11. cxd5 c6 12. Rd1 cxd5 13. exd5 Bf5 14. O-O
h6 15. Be3 g5 16. Nd2 Nd7 17. Nc4 Bf8 18. Na5 Rab8 19. g4 Bg6 20. Bb5 Red8 21.
Bxd7 Rxd7 22. Nc4 Re8 23. a3 b6 24. Rfe1 Bc2 25. Rc1 Bb3 26. Rc3 Ba4 27. b3 Bb5
28. Bc1 Rxd5 29. Ne3 Rc5 30. Rxc5 Bxc5 31. Nf5 Kh7 32. b4 Bf8 33. Bb2 f6 34.
Rc1 Rd8 35. Rc7+ Kg6 36. Ne3 Rd2 37. Bc3 Rd3 38. a4 Bxa4 39. Rxa7 Bc6 40. Be1
Rb3 41. Rc7 Be4 42. Rc4 Bf3 43. h3 b5 44. Rc7 Be4 45. Nf5 Rxh3 46. Ng3 Rh4 47.
Nxe4 Rxg4+ 48. Ng3 h5 49. Kf1 Bxb4 50. Bxb4 Rxb4 51. Rc8 h4 52. Ne2 Kf5 53. Rf8
Rb3 54. Kg2 b4 55. Rb8 Kg4 56. Ng1 e4 57. Rd8 f5 58. Rd4 h3+ 59. Kh2 Kh4 60.
Ne2 Rb2 61. Nc1 Rxf2+ 62. Kg1 Kg3 63. Rd1 f4 64. Kh1 e3 65. Nd3 Rh2+ 66. Kg1 e2
67. Rb1 f3 68. Rb3 Rg2+ 69. Kh1 h2 70. Rb1 f2 71. Nxf2 Kxf2 72. Rb2 g4 0-1

[Event "24. Torneo San Viator"]
[Site "Madrid ESP"]
[Date "2015.05.24"]
[Round "8.6"]
[White "Mazo Fernandez, Roberto"]
[Black "Villacorta Nicolas, David"]
[Result "1-0"]
[WhiteElo "1966"]
[BlackElo "1699"]
[PlyCount "109"]
[EventDate "2015.03.22"]
[EventType "swiss"]
[EventRounds "9"]
[EventCountry "ESP"]
[Source "lmi"]
[SourceDate "2015.03.22"]

1. d4 Nf6 2. c4 c5 3. d5 b5 4. cxb5 a6 5. bxa6 g6 6. Nc3 Bxa6 7. g3 d6 8. Bg2
Bg7 9. Nf3 Nbd7 10. Rb1 Nb6 11. b3 O-O 12. O-O Qc7 13. Re1 Bb7 14. e4 Ng4 15.
Nb5 Qd7 16. a4 Ba6 17. Bf1 Ne5 18. Nxe5 Bxe5 19. Bb2 Bxb2 20. Rxb2 Rfc8 21. Rc2
Rab8 22. Bc4 Nxc4 23. bxc4 Bxb5 24. cxb5 Ra8 25. Ra2 Ra5 26. Qd2 Qa7 27. Rea1
Rb8 28. Qc2 Rb7 29. Qc4 Rb8 30. Kg2 Qb6 31. Re1 Rba8 32. Kf3 Qc7 33. Ke3 Qa7
34. Rea1 Qd7 35. Kd3 Qg4 36. Kc3 Qh5 37. f4 Qg4 38. Qd3 h5 39. Kc4 Qc8 40. Qc3
R8a7 41. Kb3 Qb7 42. Qc4 Qd7 43. Re1 Ra8 44. e5 Qa7 45. exd6 exd6 46. f5 gxf5
47. Rf1 Qe7 48. Qf4 Qe4 49. Qxe4 fxe4 50. Rf6 Rd8 51. Rf4 Re8 52. Re2 Re5 53.
Rfxe4 Rxd5 54. b6 Rd3+ 55. Kc2 1-0

[Event "24. Torneo San Viator"]
[Site "Madrid ESP"]
[Date "2015.05.24"]
[Round "8.8"]
[White "Julian Serra, Rogelio"]
[Black "Martinez Barahona, Ismael"]
[Result "1-0"]
[WhiteElo "1984"]
[BlackElo "1818"]
[PlyCount "67"]
[EventDate "2015.03.22"]
[EventType "swiss"]
[EventRounds "9"]
[EventCountry "ESP"]
[Source "lmi"]
[SourceDate "2015.03.22"]

1. g3 c6 2. Bg2 d5 3. c4 e6 4. Nf3 Nf6 5. b3 Nbd7 6. Bb2 Bd6 7. d3 O-O 8. O-O
Qc7 9. Nbd2 b5 10. Rc1 Qa5 11. a3 bxc4 12. dxc4 Bb7 13. b4 Qd8 14. e4 dxe4 15.
Ng5 e3 16. fxe3 a5 17. Nb3 Bc7 18. Qc2 h6 19. Rxf6 hxg5 20. Rf2 axb4 21. axb4
Be5 22. Rd1 Ra2 23. Qb1 Rxb2 24. Rxb2 Bxb2 25. Qxb2 Qc7 26. Qd4 Nf6 27. Nc5 e5
28. Qd6 Qb6 29. Nxb7 Qxb7 30. Bxc6 Qb6 31. Rd3 e4 32. Rd4 Ng4 33. Bxe4 Nxe3 34.
Qxb6 1-0

[Event "24. Torneo San Viator"]
[Site "Madrid ESP"]
[Date "2015.05.24"]
[Round "8.10"]
[White "Uceda Martinez, Jacinto"]
[Black "Lopez De Turiso, Jose Angel"]
[Result "0-1"]
[WhiteElo "1800"]
[BlackElo "2046"]
[PlyCount "154"]
[EventDate "2015.03.22"]
[EventType "swiss"]
[EventRounds "9"]
[EventCountry "ESP"]
[Source "lmi"]
[SourceDate "2015.03.22"]

1. d4 d5 2. c4 Nc6 3. Nc3 dxc4 4. d5 Ne5 5. Bf4 Ng6 6. Bg3 e5 7. e4 Bd6 8. Bxc4
N8e7 9. Nf3 f5 10. exf5 Nxf5 11. Bb5+ Bd7 12. Bxd7+ Qxd7 13. O-O O-O 14. Qb3 b6
15. Ne4 h6 16. Qc3 Kh8 17. Rad1 Rae8 18. Rfe1 a5 19. a3 Re7 20. Qc6 Qxc6 21.
dxc6 Rfe8 22. Rd5 Re6 23. Red1 Nge7 24. R5d3 Nxc6 25. Nxd6 cxd6 26. Nd2 Ncd4
27. Nc4 Rb8 28. Kf1 Nxg3+ 29. hxg3 a4 30. Re1 Rf6 31. Kg1 b5 32. Ne3 Rc8 33.
Nd5 Rf7 34. Nc3 Kh7 35. Rd2 Rc6 36. Re4 g5 37. f3 Kg6 38. Kh2 Rc4 39. Rd3 Kf5
40. Nxb5 Rc6 41. Nc3 Ra7 42. g4+ Kf6 43. Nd5+ Kf7 44. Nc3 Rb6 45. Rd2 Rb3 46.
Kg3 Ra5 47. Kf2 Kf6 48. Ke1 Rb7 49. Kd1 Rh7 50. Ke1 Rc7 51. Kf2 Rh7 52. Kg3 Rd7
53. Kh3 d5 54. Re1 Nb3 55. Rde2 d4 56. Ne4+ Ke6 57. Rc2 Ra6 58. Rd1 Kd5 59.
Nc3+ Ke6 60. Ne4 Rb6 61. Rc4 Ra7 62. Kg3 Kd5 63. Rc8 Rc6 64. Nc3+ Kc5 65. Ne4+
Kb6 66. Re8 Ra5 67. Rb8+ Kc7 68. Rb4 Rc2 69. Rb1 Kc6 70. Rb8 Kd5 71. Rd8+ Kc4
72. Rc8+ Nc5 73. Nd6+ Kb3 74. Rb8+ Ka2 75. b4 axb3 76. Re1 Nd3 77. Nf5 Nxe1 0-1

[Event "24. Torneo San Viator"]
[Site "Madrid ESP"]
[Date "2015.05.24"]
[Round "8.11"]
[White "Linares Leyva, David"]
[Black "De Miguel Martin, Jorge"]
[Result "1/2-1/2"]
[WhiteElo "1782"]
[BlackElo "2013"]
[PlyCount "53"]
[EventDate "2015.03.22"]
[EventType "swiss"]
[EventRounds "9"]
[EventCountry "ESP"]
[Source "lmi"]
[SourceDate "2015.03.22"]

1. Nf3 d5 2. c4 d4 3. e3 c5 4. b4 b6 5. Nxd4 cxd4 6. Qf3 Nc6 7. Qxc6+ Bd7 8.
Qd5 dxe3 9. dxe3 Nf6 10. Qd4 g6 11. Bb2 Bg7 12. Nc3 O-O 13. Rd1 Bc6 14. Nd5
Bxd5 15. cxd5 Rc8 16. Rd2 Nh5 17. Qd3 Bxb2 18. Rxb2 Rc1+ 19. Kd2 Qc7 20. Rc2
Rxc2+ 21. Qxc2 Qd6 22. Qb3 Nf6 23. Bc4 Nxd5 24. Bxd5 e6 25. Ke2 exd5 26. Rd1
Rd8 27. g3 1/2-1/2

[Event "24. Torneo San Viator"]
[Site "Madrid ESP"]
[Date "2015.05.24"]
[Round "8.12"]
[White "De Vicente Guijarro, Juan"]
[Black "Cano Mercado, Francisco Manuel"]
[Result "1-0"]
[WhiteElo "1757"]
[BlackElo "1873"]
[PlyCount "91"]
[EventDate "2015.03.22"]
[EventType "swiss"]
[EventRounds "9"]
[EventCountry "ESP"]
[Source "lmi"]
[SourceDate "2015.03.22"]

1. f4 Nf6 2. Nf3 g6 3. g3 Bg7 4. Bg2 O-O 5. O-O d5 6. d3 c6 7. Qe1 Qb6+ 8. Kh1
Ng4 9. c3 Ne3 10. Bxe3 Qxe3 11. d4 Qe6 12. Ng5 Qd6 13. e4 dxe4 14. Nxe4 Qc7 15.
Nbd2 Be6 16. h3 Bd5 17. Rf2 Nd7 18. Re2 e6 19. Nf1 Nf6 20. Nxf6+ Bxf6 21. Bxd5
exd5 22. Nh2 Bg7 23. Re7 Qb6 24. Qe2 c5 25. dxc5 Qxc5 26. Nf3 d4 27. Nxd4 Bxd4
28. cxd4 Qxd4 29. Rd1 Qa4 30. b3 Qb4 31. Rdd7 Qc3 32. Qc4 Qa1+ 33. Kg2 Qxa2+
34. Kf3 Qa6 35. Rxf7 Qc6+ 36. Qxc6 Rxf7 37. Qe6 Raf8 38. Rxb7 Kg7 39. Rxf7+
Rxf7 40. Ke4 Kf8 41. Kd5 Rf5+ 42. Kc6 Kg7 43. Qe7+ Rf7 44. Qe5+ Kg8 45. b4 Rf5
46. Qb8+ 1-0

[Event "24. Torneo San Viator"]
[Site "Madrid ESP"]
[Date "2015.05.24"]
[Round "8.13"]
[White "Mateos Cordero, Francisco"]
[Black "Martin Espeja, Jorge J"]
[Result "1/2-1/2"]
[WhiteElo "1596"]
[BlackElo "1830"]
[PlyCount "194"]
[EventDate "2015.03.22"]
[EventType "swiss"]
[EventRounds "9"]
[EventCountry "ESP"]
[Source "lmi"]
[SourceDate "2015.03.22"]

1. d4 Nf6 2. Nf3 e6 3. c4 b6 4. g3 Bb7 5. Bg2 c5 6. e3 cxd4 7. exd4 d5 8. O-O
Nc6 9. cxd5 Nxd5 10. a3 Be7 11. Nc3 Nxc3 12. bxc3 O-O 13. Re1 Na5 14. a4 Rc8
15. Bd2 Nc4 16. Be3 Bd5 17. h4 Bf6 18. h5 h6 19. Bc1 Qc7 20. Bf4 Qc6 21. g4 Nb2
22. Qe2 Qxc3 23. Rec1 Bxf3 24. Bxf3 Qxd4 25. Be3 Qd3 26. Rxc8 Rxc8 27. Qe1 Qc3
28. Qf1 Nd3 29. Rd1 Rd8 30. Be2 Ne5 31. Rxd8+ Bxd8 32. Qg2 Qc6 33. Qxc6 Nxc6
34. Bb5 Ne5 35. Be2 Kf8 36. Kg2 Ke7 37. Bd4 f6 38. Bxe5 fxe5 39. Kf3 Kd6 40.
Ke4 Bg5 41. Bb5 Bf4 42. f3 Kc5 43. Bd7 Kd6 44. Bb5 Bg5 45. Kd3 Kc5 46. Ke4 Bf6
47. Bd7 Kb4 48. Bb5 a6 49. Bxa6 Kxa4 50. Bc8 b5 51. Kd3 Kb3 52. Bxe6+ Kb2 53.
Bd5 b4 54. Be6 b3 55. Bd5 Ka3 56. Kd2 Kb4 57. Kc1 Kc3 58. Kb1 Bg5 59. Be4 Bd2
60. Bb7 Be3 61. Be4 Bd4 62. Bg6 Kd2 63. Bf5 Ke3 64. Be4 Kf4 65. Kc1 Bc3 66. Bd5
Ke3 67. Be6 Ke2 68. Kb1 Bd4 69. Bd5 Ke3 70. Be4 Kf4 71. Kc1 Kg5 72. Kb1 Kf4 73.
Bd5 Ke3 74. Be4 Kd2 75. Bd5 Kc3 76. Be4 Kb4 77. Bd5 Kc3 78. Be4 Kb4 79. Bd5 Bc3
80. Be4 Be1 81. Bd5 Bh4 82. Be4 Bf2 83. Bd5 Bg3 84. Be4 Bf4 85. Bd5 Bg3 86. Be4
Be1 87. Bd5 Bd2 88. Be4 Be3 89. Bd5 Kc3 90. Be4 Bc5 91. Bd5 Bd4 92. Be4 Kd2 93.
Bd5 Ke3 94. Be4 Kf4 95. Bd5 e4 96. fxe4 Kxg4 97. Bf7 Kf4 1/2-1/2

[Event "24. Torneo San Viator"]
[Site "Madrid ESP"]
[Date "2015.05.24"]
[Round "8.15"]
[White "Moreno Sanchez, Guillermo"]
[Black "Cujba, Anca-Claudia"]
[Result "0-1"]
[WhiteElo "1626"]
[BlackElo "1787"]
[PlyCount "98"]
[EventDate "2015.03.22"]
[EventType "swiss"]
[EventRounds "9"]
[EventCountry "ESP"]
[Source "lmi"]
[SourceDate "2015.03.22"]

1. d4 Nf6 2. c4 g6 3. Nc3 Bg7 4. Nf3 d6 5. e4 Nbd7 6. Bd3 O-O 7. O-O e5 8. d5
Nc5 9. Bc2 a5 10. h3 Bd7 11. Be3 Qc8 12. Qe2 Ne8 13. Bxc5 dxc5 14. Na4 b6 15.
Nc3 Nd6 16. Rad1 Qe8 17. Nh2 f5 18. exf5 gxf5 19. f4 exf4 20. Qxe8 Raxe8 21.
Rxf4 Bd4+ 22. Kf1 Nxc4 23. Nf3 Ne3+ 24. Ke2 Nxc2+ 25. Kd3 Nb4+ 26. Kc4 Bxc3 27.
bxc3 Na6 28. Rd2 Re3 29. Kb3 Rfe8 30. Rh4 a4+ 31. Kb2 Re2 32. Rxe2 Rxe2+ 33.
Ka3 Rxg2 34. Ne5 Be8 35. Rh6 Bg6 36. Kxa4 Rxa2+ 37. Kb5 Be8+ 38. Kc4 b5+ 39.
Kb3 Ra4 40. Rf6 Bg6 41. Nxg6 hxg6 42. Rxg6+ Kf7 43. Rh6 f4 44. Re6 f3 45. Re1
f2 46. Rf1 Rf4 47. Kc2 b4 48. cxb4 cxb4 49. Kd2 Nc5 0-1

[Event "24. Torneo San Viator"]
[Site "Madrid ESP"]
[Date "2015.05.24"]
[Round "8.16"]
[White "Barahona Torrijos, Angel"]
[Black "Castro Uceda, Jose Antonio"]
[Result "1-0"]
[WhiteElo "1782"]
[BlackElo "1604"]
[PlyCount "115"]
[EventDate "2015.03.22"]
[EventType "swiss"]
[EventRounds "9"]
[EventCountry "ESP"]
[Source "lmi"]
[SourceDate "2015.03.22"]

1. d4 Nf6 2. Bg5 e6 3. e4 d6 4. Nd2 Be7 5. Ngf3 O-O 6. Bd3 Nc6 7. c3 a6 8. Qc2
h6 9. Bh4 Nh5 10. Bg3 Bg5 11. Nxg5 Qxg5 12. Nf3 Qe7 13. e5 f5 14. exf6 Qxf6 15.
O-O-O Nxg3 16. fxg3 e5 17. dxe5 Nxe5 18. Nxe5 Qxe5 19. Rde1 Qg5+ 20. Kb1 Bf5
21. Rhf1 Bxd3 22. Qxd3 Rxf1 23. Rxf1 Qc5 24. Qf3 Qc4 25. b3 Qb5 26. Qf7+ Kh8
27. c4 Qc6 28. Qf3 Qxf3 29. gxf3 Re8 30. Rf2 Kg8 31. Kc2 b5 32. Kd3 c6 33. cxb5
axb5 34. a4 bxa4 35. bxa4 Ra8 36. Ra2 Kf7 37. a5 Ke6 38. Kc4 d5+ 39. Kc5 Ra6
40. f4 Kf5 41. Kd6 d4 42. Kc7 c5 43. Kb7 Rd6 44. a6 d3 45. a7 Rd7+ 46. Kb6 Rxa7
47. Rxa7 c4 48. Rd7 Ke4 49. Kc5 c3 50. Rd4+ Ke3 51. Kc4 c2 52. Rxd3+ Ke2 53.
Rc3 Kd2 54. Kd4 c1=Q 55. Rxc1 Kxc1 56. Ke4 Kd2 57. Kf5 Ke3 58. Kg6 1-0

[Event "24. Torneo San Viator"]
[Site "Madrid ESP"]
[Date "2015.05.24"]
[Round "8.17"]
[White "Sirera Ripoll, Jose"]
[Black "Sierra Bermejo, Gregorio"]
[Result "1-0"]
[WhiteElo "1765"]
[BlackElo "1605"]
[PlyCount "49"]
[EventDate "2015.03.22"]
[EventType "swiss"]
[EventRounds "9"]
[EventCountry "ESP"]
[Source "lmi"]
[SourceDate "2015.03.22"]

1. e4 e5 2. Nf3 Nf6 3. Nxe5 d6 4. Nf3 Nxe4 5. Nc3 Nxc3 6. dxc3 Be7 7. Bf4 Nd7
8. Qd2 Nc5 9. O-O-O O-O 10. h4 Bg4 11. h5 Ne6 12. Be3 Bxf3 13. gxf3 Bg5 14. f4
Bh6 15. f5 Bxe3 16. fxe3 Ng5 17. h6 Qf6 18. hxg7 Kxg7 19. Bd3 d5 20. Rdg1 Rad8
21. e4 h6 22. e5 Qxe5 23. Rxg5+ Kf6 24. Rxh6+ Ke7 25. f6+ 1-0

[Event "24. Torneo San Viator"]
[Site "Madrid ESP"]
[Date "2015.05.24"]
[Round "8.18"]
[White "De Paredes Aguado, Alejandro"]
[Black "Martin Lozano, Miguel Angel"]
[Result "0-1"]
[WhiteElo "1506"]
[BlackElo "1758"]
[PlyCount "110"]
[EventDate "2015.03.22"]
[EventType "swiss"]
[EventRounds "9"]
[EventCountry "ESP"]
[Source "lmi"]
[SourceDate "2015.03.22"]

1. d4 e6 2. Nc3 f5 3. e4 Nf6 4. Bg5 Be7 5. exf5 O-O 6. fxe6 dxe6 7. Nf3 Nd5 8.
Nxd5 Bxg5 9. Nxg5 Qxg5 10. Nxc7 Qa5+ 11. c3 Qxc7 12. Qc2 e5 13. Bd3 h6 14. Qb3+
Kh8 15. Qd5 exd4 16. O-O dxc3 17. Rac1 Qf7 18. Qxf7 Rxf7 19. Rxc3 Nc6 20. Re1
Bf5 21. Bb5 Re7 22. Rxe7 Nxe7 23. Rc7 Rd8 24. Rxe7 Rd1+ 25. Bf1 Bd3 26. h4
Rxf1+ 27. Kh2 Ba6 28. Kg3 Rb1 29. b3 Rb2 30. f4 Rxa2 31. Kf3 Bb5 32. g3 Ra3 33.
Re3 a5 34. Kg4 a4 35. Kh5 Rxb3 36. Re5 Bd7 37. Re7 Rb5+ 38. Kg6 Bf5+ 39. Kf7
Kh7 40. Kf8 Kh8 41. Rxg7 Bh7 42. g4 a3 43. Re7 Rb4 44. f5 Rxg4 45. f6 Rg8+ 46.
Kf7 a2 47. Re1 Bg6+ 48. Ke7 Re8+ 49. Kd7 Rxe1 50. f7 Bxf7 51. h5 b5 52. Kc6
Be8+ 53. Kc5 a1=Q 54. Kb4 Re4+ 55. Kc5 Qd4# 0-1

[Event "24. Torneo San Viator"]
[Site "Madrid ESP"]
[Date "2015.05.24"]
[Round "8.19"]
[White "Hidalgo Prado, David"]
[Black "Caamano Jimenez, Luis"]
[Result "0-1"]
[WhiteElo "1499"]
[BlackElo "1756"]
[PlyCount "81"]
[EventDate "2015.03.22"]
[EventType "swiss"]
[EventRounds "9"]
[EventCountry "ESP"]
[Source "lmi"]
[SourceDate "2015.03.22"]

1. e4 g6 2. d4 Bg7 3. Nc3 d6 4. f4 Nd7 5. Nf3 c5 6. Be3 Qa5 7. Qd2 Ngf6 8. h3
cxd4 9. Nxd4 a6 10. Nb3 Qc7 11. O-O-O b5 12. Bd3 Bb7 13. a3 Rc8 14. Rhe1 O-O
15. g4 Nb6 16. Bd4 Nc4 17. Qf2 e5 18. fxe5 dxe5 19. Bc5 Rfe8 20. Bxc4 bxc4 21.
Bb6 Qe7 22. Nc5 Rc6 23. Nxb7 Qxb7 24. Na4 Rb8 25. Rd8+ Rxd8 26. Bxd8 Qd7 27.
Bb6 Rd6 28. Nc3 Qb7 29. Bc5 Rc6 30. Rd1 Nd7 31. Na4 Bh6+ 32. Be3 Bf8 33. Qd2
Rd6 34. Qg2 Rxd1+ 35. Kxd1 Qb5 36. Nc3 Qxb2 37. Nd5 Bxa3 38. Qd2 Qb1+ 39. Ke2
Qh1 40. Bf2 Qxe4+ 41. Ne3 0-1

[Event "24. Torneo San Viator"]
[Site "Madrid ESP"]
[Date "2015.05.24"]
[Round "8.20"]
[White "Serrano Gonzalez, Oscar"]
[Black "Dominguez Afonso, Ayraldo"]
[Result "1/2-1/2"]
[WhiteElo "1725"]
[BlackElo "1604"]
[PlyCount "114"]
[EventDate "2015.03.22"]
[EventType "swiss"]
[EventRounds "9"]
[EventCountry "ESP"]
[Source "lmi"]
[SourceDate "2015.03.22"]

1. d4 d5 2. Nc3 Nf6 3. Bg5 Nbd7 4. Nf3 e6 5. e3 c5 6. Be2 Bd6 7. O-O a6 8. a4
Qc7 9. h3 O-O 10. dxc5 Bxc5 11. Nd4 b6 12. Bg4 Re8 13. Qe2 Ne4 14. Nxe4 dxe4
15. Qd2 Bb7 16. Rad1 Nf8 17. Nb3 Be7 18. Bf4 e5 19. Bg3 Rad8 20. Qc1 Bd5 21.
Nd2 Nd7 22. c4 Bb7 23. Qc2 Nf6 24. Bf5 Nh5 25. Bh2 Nf6 26. Nxe4 Bxe4 27. Bxe4
Nxe4 28. Qxe4 Bd6 29. Rd2 f6 30. Rfd1 Be7 31. Rxd8 Rxd8 32. Rxd8+ Qxd8 33. Qd5+
Qxd5 34. cxd5 Kf8 35. e4 Ke8 36. f4 Bc5+ 37. Kf1 Bd4 38. b3 b5 39. fxe5 fxe5
40. Ke2 Kd7 41. Bg3 Kd6 42. Bf2 Bc3 43. Kd3 Ba5 44. Ba7 Bc7 45. Kc3 Ba5+ 46. b4
Bc7 47. axb5 axb5 48. Bc5+ Kd7 49. Kd3 Bd8 50. Ke3 Bf6 51. Kf3 h5 52. g4 g6 53.
Bf8 Bd8 54. Bh6 Be7 55. Bd2 Bf6 56. Kg3 h4+ 57. Kf3 g5 1/2-1/2

[Event "24. Torneo San Viator"]
[Site "Madrid ESP"]
[Date "2015.05.24"]
[Round "8.23"]
[White "Del Noval Nemeshazi, Nesztor"]
[Black "Ortega Palacios, Alejandro"]
[Result "1/2-1/2"]
[WhiteElo "1770"]
[BlackElo "1524"]
[PlyCount "77"]
[EventDate "2015.03.22"]
[EventType "swiss"]
[EventRounds "9"]
[EventCountry "ESP"]
[Source "lmi"]
[SourceDate "2015.03.22"]

1. e4 e6 2. d4 d5 3. Nc3 Bb4 4. e5 Nc6 5. Qg4 g6 6. a3 h5 7. Qd1 Ba5 8. f4 Nh6
9. Nf3 Ng4 10. Bb5 Bd7 11. O-O Bb6 12. Ne2 Qe7 13. c3 O-O-O 14. a4 Na5 15.
Bxd7+ Qxd7 16. b4 Nc4 17. a5 Nge3 18. Bxe3 Nxe3 19. axb6 cxb6 20. Qd3 Nxf1 21.
Rxa7 Kb8 22. Ra1 Nxh2 23. Kxh2 Kc7 24. Nd2 Ra8 25. Qb1 Qb5 26. Ng1 Rxa1 27.
Qxa1 Qd3 28. Ngf3 Qe3 29. c4 h4 30. c5 Qxf4+ 31. Kh1 bxc5 32. Qa5+ Kb8 33. bxc5
h3 34. gxh3 Rxh3+ 35. Kg2 Qg3+ 36. Kf1 Qg4 37. Qd8+ Ka7 38. Qb6+ Ka8 39. Qa5+
1/2-1/2